Inflation targeting and output stability

Salvato in:
Dettagli Bibliografici
Autore principale: Jadresic, Esteban
Natura: Libro
Lingua:inglese
Pubblicazione: Washington International Monetary Fund 1999
Serie:IMF working paper WP/99/61
Soggetti:
Tags: Aggiungi Tag
Nessun Tag, puoi essere il primo ad aggiungerne!!

MARC

LEADER 00000nam a2200000 4500
001 c116322
005 20221221082645.8
041 0 |a eng 
044 |a US 
245 1 0 |a Inflation targeting and output stability  |c Prepared by Esteban Jadresic 
264 1 |a Washington  |b International Monetary Fund  |c 1999 
300 |a 39 s. 
490 1 |a IMF working paper  |v WP/99/61 
830 0 |a IMF working paper  |v WP/99/61 
610 2 0 |a inflácia 
610 2 0 |a stabilita hospodárstva 
610 2 0 |a politika peňažná 
610 2 0 |a ceny 
610 2 0 |a výroba 
100 1 |a Jadresic, Esteban